000 00509cam a2200193ua 4500
001 4226
005 20260515113814.0
008 111221n ii |||gr||||Z||||||asm
040 _cMAIN
082 _a891.4513
100 1 _aDas, Deva Brata,
245 1 1 _aHaytoba bhekhsan aru anyanya galpa
_cby Deva Brata Das
250 _a1st.
260 _aGuwahati:
_bPurbanchal Prakash,987.
300 _a126p:
_c23cm.
653 _aAssamese short stories
653 _aHaytoba bhekhsan aru anyanya galpa
942 _cBK
999 _c4043
_d4043